[Event "TCh-SVK Extraliga 2011-12"]
[Site "Slovakia SVK"]
[Date "2012.02.11"]
[Round "7.8"]
[White "Straka,Joz"]
[Black "Zetocha,C"]
[Result "0-1"]
[BlackTitle "FM"]
[WhiteElo "1993"]
[BlackElo "2355"]
[WhiteTeam "SK Caissa Cadca"]
[BlackTeam "SK Slovan Bratislava"]
[WhiteFideId "14912490"]
[BlackFideId "14906570"]
[EventDate "2011.10.22"]

1. d4 Nf6 2. c4 c5 3. d5 b5 4. cxb5 a6 5. b6 a5 6. g3 g6 7. Bg2 d6 8. Nh3 Nbd7
9. O-O Bg7 10. Nc3 O-O 11. Nf4 Nxb6 12. Re1 a4 13. Rb1 Nfd7 14. Qc2 Ba6 15. h4
Ne5 16. Be4 Nbd7 17. Nd3 Nxd3 18. Bxd3 Bxd3 19. Qxd3 Ne5 20. Qc2 Qd7 21. Kg2 h6
22. b3 axb3 23. axb3 Rfb8 24. Bf4 Rb4 25. Bxe5 Bxe5 26. Na2 Rxh4 27. Rh1 Rg4 28.
b4 Qa7 29. Nc1 cxb4 30. Nd3 Qa2 31. Nxb4 Qa5 32. e4 Qa3 33. Nd3 Rxe4 34. Rb3 Qa2
35. Qb1 Kg7 36. Rb7 Qxd5 37. Rb5 Qc6 38. Rc1 Rc4+ 39. f3 Rxc1 0-1

[Event "TCh-SVK Extraliga 2011-12"]
[Site "Slovakia SVK"]
[Date "2012.02.12"]
[Round "8.3"]
[White "Mazur,Ste"]
[Black "Plachetka,J"]
[Result "1/2-1/2"]
[WhiteTitle "IM"]
[BlackTitle "GM"]
[WhiteElo "2372"]
[BlackElo "2388"]
[WhiteTeam "MSK KdV Kezmarok"]
[BlackTeam "SK MAGIC Liptov"]
[WhiteFideId "14909332"]
[BlackFideId "14900068"]
[EventDate "2011.10.22"]

1. e4 e5 2. Nf3 Nc6 3. Bb5 a6 4. Ba4 Nf6 5. O-O Be7 6. Re1 b5 7. Bb3 O-O 8. h3
Bb7 9. d3 d5 10. exd5 Nxd5 11. Nbd2 Nf4 12. Ne4 h6 13. Nxe5 Nxh3+ 14. gxh3 Nxe5
15. Qh5 Bd6 16. Bxh6 gxh6 17. Qxh6 Qh4 18. Nf6+ Qxf6 19. Qxf6 Nf3+ 20. Kf1 Nh2+
21. Kg1 Nf3+ 22. Kh1 Nxe1+ 23. f3 Nxf3 24. Qg6+ Kh8 25. Qh6+ Kg8 26. Qg6+ Kh8
27. Qh6+ 1/2-1/2

[Event "TCh-SVK Extraliga 2011-12"]
[Site "Slovakia SVK"]
[Date "2012.02.12"]
[Round "8.4"]
[White "Cech,P"]
[Black "Druska,J"]
[Result "0-1"]
[WhiteTitle "IM"]
[BlackTitle "FM"]
[WhiteElo "2369"]
[BlackElo "2338"]
[WhiteTeam "SK MAGIC Liptov"]
[BlackTeam "MSK KdV Kezmarok"]
[WhiteFideId "302139"]
[BlackFideId "14915650"]
[EventDate "2011.10.22"]

1. d4 e6 2. c4 Nf6 3. g3 c5 4. d5 exd5 5. cxd5 Bd6 6. Nc3 O-O 7. Bg2 Re8 8. Nf3
Bc7 9. O-O d6 10. b3 a6 11. a4 Nbd7 12. Bb2 Rb8 13. Qd3 Nf8 14. e4 Bd7 15. Rfe1
Ng6 16. h3 b5 17. axb5 axb5 18. b4 cxb4 19. Na2 Ba5 20. Nc1 b3 21. Re2 b4 22.
Nd4 Bb6 23. Qxb3 Bc5 24. Nc2 Qb6 25. Nd3 Bb5 26. Bxf6 gxf6 27. Nxc5 Qxc5 28. Rd2
Bd7 29. Rb1 Ne5 30. Rd4 Rec8 31. Rxb4 Rxb4 32. Nxb4 Rb8 33. Bf1 Qd4 34. Qb2 Qxe4
35. Bg2 Nf3+ 36. Bxf3 Qxf3 37. Qb3 Qe4 38. f3 Qd4+ 39. Kg2 Qd2+ 40. Kg1 Bxh3 41.
Rb2 Qe1+ 42. Kh2 Bf1 43. Qa3 Re8 44. Qa2 Be2 45. Qa7 Bxf3 46. Qg1 Qe5 0-1

[Event "TCh-SVK Extraliga 2011-12"]
[Site "Slovakia SVK"]
[Date "2012.02.12"]
[Round "8.5"]
[White "Hagara,E"]
[Black "Komora,A"]
[Result "1-0"]
[WhiteTitle "IM"]
[WhiteElo "2388"]
[BlackElo "2314"]
[WhiteTeam "MSK KdV Kezmarok"]
[BlackTeam "SK MAGIC Liptov"]
[WhiteFideId "14901943"]
[BlackFideId "14900840"]
[EventDate "2011.10.22"]

1. d4 Nf6 2. Nf3 g6 3. c4 Bg7 4. Nc3 O-O 5. Bg5 h6 6. Bh4 d6 7. e3 Nbd7 8. Be2
e5 9. dxe5 dxe5 10. O-O g5 11. Bg3 Nh5 12. Bxe5 Bxe5 13. Nxe5 Nxe5 14. Bxh5 Qxd1
15. Rfxd1 Nxc4 16. b3 Nb6 17. Bf3 c6 18. Ne4 Rb8 19. Nc5 f6 20. Rd4 Kf7 21. Rad1
Bf5 22. a4 Kg6 23. a5 Na8 24. g4 Bc8 25. Rd8 Rxd8 26. Rxd8 Nc7 27. Be4+ Kf7 28.
Bf5 b6 29. Bxc8 bxc5 30. Be6+ Kxe6 31. Rxb8 Nb5 32. Kf1 Kd5 33. Rd8+ Ke4 34. Ke2
Nc3+ 35. Kd2 Nd5 36. Ra8 Kf3 37. Rxa7 Kxf2 38. Rb7 c4 39. bxc4 Nxe3 40. a6 1-0

[Event "TCh-SVK Extraliga 2011-12"]
[Site "Slovakia SVK"]
[Date "2012.02.12"]
[Round "8.6"]
[White "Csolto,R"]
[Black "Bednar,Mil"]
[Result "1-0"]
[WhiteElo "2267"]
[BlackElo "2272"]
[WhiteTeam "SK MAGIC Liptov"]
[BlackTeam "MSK KdV Kezmarok"]
[WhiteFideId "14902915"]
[BlackFideId "14902656"]
[EventDate "2011.10.22"]

1. e4 c5 2. Nf3 e6 3. d4 cxd4 4. Nxd4 a6 5. Bd3 Qc7 6. O-O Bd6 7. h3 Nc6 8. Nxc6
Qxc6 9. Nd2 Ne7 10. Qe2 Ng6 11. Nc4 Bc5 12. e5 Qc7 13. a4 O-O 14. a5 f6 15. exf6
Rxf6 16. Bg5 Nf4 17. Bxf4 Qxf4 18. Bxh7+ Kf8 19. Bd3 d6 20. Nb6 Rb8 21. Ra4 Qh6
22. Rg4 e5 23. Nxc8 Rxc8 24. Qe4 Rc7 25. Be2 Rcf7 26. Bf3 g5 27. h4 Rf5 28. c3
gxh4 29. Rxh4 Qf6 30. Rh3 Rg5 31. Qh4 Rfg7 32. Qh8+ Ke7 33. Qc8 Qg6 34. Qxb7+
Kf6 35. Qd5 e4 36. Bxe4 Rxd5 37. Bxg6 Rxg6 38. Rf3+ Ke6 39. Re1+ Re5 40. Rxe5+
dxe5 41. Kf1 Kd5 42. b3 Bd6 43. Rf7 e4 44. f3 exf3 45. gxf3 Be5 46. c4+ Kd4 47.
f4 Rf6 48. Rxf6 Bxf6 49. f5 Be7 50. Ke2 Bb4 51. f6 Bxa5 52. c5 1-0

[Event "TCh-SVK Extraliga 2011-12"]
[Site "Slovakia SVK"]
[Date "2012.02.12"]
[Round "8.7"]
[White "Tropp,L"]
[Black "Betko,L"]
[Result "0-1"]
[WhiteElo "2107"]
[BlackElo "2208"]
[WhiteTeam "MSK KdV Kezmarok"]
[BlackTeam "SK MAGIC Liptov"]
[WhiteFideId "14911370"]
[BlackFideId "14901145"]
[EventDate "2011.10.22"]

1. e4 c6 2. d4 g6 3. c4 Bg7 4. Nc3 d6 5. h3 Nd7 6. Nf3 Qc7 7. Be3 e5 8. Be2 Ngf6
9. O-O O-O 10. dxe5 dxe5 11. Qc2 Nh5 12. Rad1 Nf4 13. Rfe1 Re8 14. Bf1 b6 15.
Qd2 Bf8 16. g3 Ne6 17. Bg2 a5 18. Nh4 Be7 19. Nd5 Qd8 20. Nxe7+ Qxe7 21. Qd6 c5
22. Qxe7 Rxe7 23. f4 Ba6 24. b3 b5 25. cxb5 Bxb5 26. Nf3 Nd4 27. Nxe5 Nxe5 28.
fxe5 Nc2 29. Bxc5 Re6 30. h4 Rc6 31. Bd6 Nxe1 32. Rxe1 Rc2 33. Bh3 Rd8 34. a4
Bd7 35. Bf1 Be6 36. Re3 Rdc8 37. b4 axb4 38. Bxb4 Ra2 39. a5 Rc1 40. Re1 Rcc2
41. Rd1 Kg7 42. Be1 Bg4 43. Rb1 Bf3 44. a6 Rh2 0-1

[Event "TCh-SVK Extraliga 2011-12"]
[Site "Slovakia SVK"]
[Date "2012.02.12"]
[Round "8.8"]
[White "Jelen,P1"]
[Black "Tropp,F"]
[Result "1/2-1/2"]
[WhiteElo "2193"]
[BlackElo "2091"]
[WhiteTeam "SK MAGIC Liptov"]
[BlackTeam "MSK KdV Kezmarok"]
[WhiteFideId "14901137"]
[BlackFideId "14905060"]
[EventDate "2011.10.22"]

1. c4 e5 2. Nc3 Nc6 3. g3 g6 4. Bg2 Bg7 5. Nf3 d6 6. O-O Nge7 7. d3 O-O 8. Rb1
Bg4 9. b4 Qc8 10. b5 Bxf3 11. Bxf3 Nd4 12. Bg2 h6 13. Ba3 Ne6 14. Rc1 a6 15. Nd5
Re8 16. b6 c5 17. Bh3 f5 18. e4 Nxd5 19. cxd5 Ng5 20. Bg2 fxe4 21. dxe4 Rf8 22.
f3 Qd8 23. Qb3 Qd7 24. h4 Nh7 25. Qe3 Rae8 26. Kh2 Qd8 27. Rb1 Nf6 28. Bh3 Kh7
29. Bc1 Nh5 30. Bg4 Nf6 31. Bh3 Nh5 32. Bd2 Qe7 33. Rf2 Nf6 34. a4 Ng8 35. h5 g5
36. Bf5+ Kh8 37. Kg2 Rxf5 38. exf5 Nf6 39. Qb3 Qd7 40. g4 Qf7 41. Rd1 Nd7 42.
Re2 Bf6 43. Bc3 Rg8 44. Rf1 Rg7 1/2-1/2

[Event "TCh-SVK Extraliga 2011-12"]
[Site "Slovakia SVK"]
[Date "2012.02.12"]
[Round "8.1"]
[White "Stocek,J"]
[Black "Michalik,P"]
[Result "1-0"]
[WhiteTitle "GM"]
[BlackTitle "GM"]
[WhiteElo "2600"]
[BlackElo "2511"]
[WhiteTeam "7 Statocnych Kosice"]
[BlackTeam "SK Prievidza"]
[WhiteFideId "304760"]
[BlackFideId "14907526"]
[EventDate "2011.10.22"]

1. d4 d5 2. c4 c6 3. Nf3 Nf6 4. Nc3 dxc4 5. a4 Bf5 6. Ne5 e6 7. Bg5 Be7 8. f3
Nfd7 9. Bxe7 Qxe7 10. Nxc4 Nb6 11. e4 Nxc4 12. Bxc4 Qb4 13. Qb3 Qxb3 14. Bxb3
Bg6 15. f4 Ke7 16. O-O Rd8 17. d5 e5 18. fxe5 Nd7 19. d6+ Ke8 20. e6 fxe6 21. e5
Nc5 22. Ba2 Kd7 23. Bc4 Rf8 24. b4 Nd3 25. Bxd3 Bxd3 26. Rxf8 Rxf8 27. a5 Bc4
28. Na4 Bd5 29. Rf1 Rxf1+ 30. Kxf1 Kc8 31. Kf2 Bb3 32. Nc5 Bd5 33. Na4 Bb3 34.
Nc5 Bd5 35. g3 Ba2 36. Ke3 Bd5 37. h4 Ba2 38. Kd4 Bd5 39. Na4 Bb3 40. Nc5 Bd5
41. Nd3 Kd7 42. Nf4 Bf3 43. Ke3 Bd1 44. Nd3 b6 45. axb6 axb6 46. Nb2 Bb3 47. Kd4
Kc8 48. Kc3 Bd5 49. Na4 Kb7 50. d7 Kc7 51. Nxb6 h6 52. Kd4 g5 53. hxg5 hxg5 54.
Kc5 Bf3 55. d8=Q+ Kxd8 56. Kd6 Bd5 57. Nd7 Ke8 58. Nb8 Kf7 59. Nxc6 Bc4 60. Nd4 1-0

[Event "TCh-SVK Extraliga 2011-12"]
[Site "Slovakia SVK"]
[Date "2012.02.12"]
[Round "8.2"]
[White "Csiba,D"]
[Black "Vovk,Y"]
[Result "1-0"]
[WhiteTitle "FM"]
[BlackTitle "GM"]
[WhiteElo "2357"]
[BlackElo "2577"]
[WhiteTeam "SK Prievidza"]
[BlackTeam "7 Statocnych Kosice"]
[WhiteFideId "14913291"]
[BlackFideId "14113171"]
[EventDate "2011.10.22"]

1. e4 c5 2. Nf3 d6 3. d4 cxd4 4. Nxd4 Nc6 5. Nc3 Nf6 6. Bc4 g6 7. O-O Bg7 8. Re1
O-O 9. Bb3 Bd7 10. Bg5 Rc8 11. Nxc6 Bxc6 12. Nd5 e6 13. Nc3 Qa5 14. Qd2 Rfd8 15.
Rad1 b6 16. e5 dxe5 17. Qxd8+ Rxd8 18. Rxd8+ Ne8 19. Red1 e4 20. Nxe4 Bxb2 21.
Nf6+ Kg7 22. Bd2 Qa6 23. Nxe8+ Bxe8 24. Rxe8 Qe2 25. c3 b5 26. Rd8 a5 27. Re1
Qh5 28. Rd7 Kf8 29. a4 Qc5 30. Rd5 1-0

[Event "TCh-SVK Extraliga 2011-12"]
[Site "Slovakia SVK"]
[Date "2012.02.12"]
[Round "8.3"]
[White "Molnar,P SVK"]
[Black "Dobrotka,M"]
[Result "1-0"]
[WhiteTitle "FM"]
[WhiteElo "2363"]
[BlackElo "2259"]
[WhiteTeam "7 Statocnych Kosice"]
[BlackTeam "SK Prievidza"]
[WhiteFideId "14905728"]
[BlackFideId "14900645"]
[EventDate "2011.10.22"]

1. d4 d6 2. Nf3 Bg4 3. e4 g6 4. Bc4 e6 5. h3 Bxf3 6. Qxf3 c6 7. Nd2 Bg7 8. c3
Ne7 9. O-O O-O 10. Bb3 a5 11. a4 e5 12. dxe5 dxe5 13. Nc4 Nc8 14. Rd1 Qe7 15.
Be3 Kh8 16. Rd2 b5 17. Nb6 Nxb6 18. Bxb6 Bh6 19. Be3 Bxe3 20. Qxe3 Nd7 21. axb5
Nc5 22. Bc4 cxb5 23. Bxb5 Nb3 24. Rd7 Qc5 25. Qxc5 Nxc5 26. Rd5 Nxe4 27. Rxe5
Nd6 28. Be2 Rfe8 29. Rxe8+ Rxe8 30. Bd3 Ra8 31. b4 a4 32. Ra3 Kg7 33. c4 Ne8 1-0

[Event "TCh-SVK Extraliga 2011-12"]
[Site "Slovakia SVK"]
[Date "2012.02.12"]
[Round "8.4"]
[White "Kaniansky,M"]
[Black "Dovzik,J"]
[Result "1/2-1/2"]
[BlackTitle "IM"]
[WhiteElo "2199"]
[BlackElo "2341"]
[WhiteTeam "SK Prievidza"]
[BlackTeam "7 Statocnych Kosice"]
[WhiteFideId "14902796"]
[BlackFideId "14100223"]
[EventDate "2011.10.22"]

1. d4 d5 2. Nf3 Nf6 3. c4 c6 4. Nc3 a6 5. c5 Nbd7 6. Bf4 g6 7. e3 Bg7 8. Bd3 Nh5
9. O-O O-O 10. h3 Nxf4 11. exf4 b6 12. cxb6 Nxb6 13. Rc1 Qd6 14. Ne2 Bd7 15. Qc2
Rfc8 16. Qc5 Na4 17. Qxd6 exd6 18. b3 Nb6 19. f5 c5 20. fxg6 hxg6 21. b4 c4 22.
Bb1 Bh6 23. Rc3 a5 24. bxa5 Rxa5 25. g4 Re8 26. Re1 Rb5 27. Kf1 Na4 28. Rc2 Reb8
29. g5 Rxb1 30. gxh6 Bxh3+ 31. Kg1 Bg4 32. Rxb1 Rxb1+ 33. Kg2 Bf5 34. Rc1 Rb2
35. Ng3 Be4 36. Nxe4 dxe4 37. Ng5 d5 38. h7+ Kh8 39. Rh1 Rb7 40. f3 f6 41. Ne6
Rxh7 42. Rb1 Re7 43. Nf4 exf3+ 44. Kxf3 Kg7 45. Nxd5 Rd7 46. Rb5 c3 47. Ke3 g5
48. Kd3 Kf7 49. Ke4 1/2-1/2

[Event "TCh-SVK Extraliga 2011-12"]
[Site "Slovakia SVK"]
[Date "2012.02.12"]
[Round "8.6"]
[White "Pinter,P"]
[Black "Frindt,K"]
[Result "1/2-1/2"]
[WhiteElo "2185"]
[BlackElo "2223"]
[WhiteTeam "SK Prievidza"]
[BlackTeam "7 Statocnych Kosice"]
[WhiteFideId "14901951"]
[BlackFideId "14901617"]
[EventDate "2011.10.22"]

1. e4 c5 2. Nf3 Nc6 3. d4 cxd4 4. Nxd4 Nf6 5. Nc3 e5 6. Ndb5 d6 7. Bg5 a6 8. Na3
b5 9. Nd5 Be7 10. Bxf6 Bxf6 11. c3 O-O 12. Nc2 Bg5 13. Bd3 Ne7 14. Nce3 Be6 15.
Bc2 Bxe3 16. Nxe3 d5 17. exd5 Nxd5 18. Nxd5 Qxd5 19. O-O Rfd8 20. Qxd5 Bxd5 21.
Rfd1 Bc6 22. f3 f6 23. Kf2 g6 24. Ke2 Kf7 25. Rxd8 Rxd8 26. a4 Ke6 27. Bb3+ Ke7
28. axb5 axb5 29. Ra7+ Rd7 30. Rxd7+ Kxd7 31. Ke3 Kd6 32. g3 g5 33. f4 gxf4+ 34.
gxf4 h6 35. Bf7 Kc5 36. fxe5 fxe5 37. b4+ Kd6 38. Bg6 Ke6 39. Bd3 Kd6 40. Kf2
Ke6 41. Kg3 Kf6 42. Kg4 Bd7+ 43. Kh5 Kg7 44. c4 Be8+ 45. Kg4 Bd7+ 46. Kf3 bxc4
47. Bxc4 Bc6+ 48. Ke3 Kf6 49. Bd3 Kg5 1/2-1/2

[Event "TCh-SVK Extraliga 2011-12"]
[Site "Slovakia SVK"]
[Date "2012.02.12"]
[Round "8.7"]
[White "Klemanic,E"]
[Black "Reisel,F"]
[Result "1-0"]
[WhiteTitle "FM"]
[WhiteElo "2194"]
[BlackElo "2085"]
[WhiteTeam "7 Statocnych Kosice"]
[BlackTeam "SK Prievidza"]
[WhiteFideId "14900360"]
[BlackFideId "14905256"]
[EventDate "2011.10.22"]

1. e4 d6 2. d4 Nf6 3. Nc3 g6 4. Be2 Bg7 5. Bg5 h6 6. Be3 c6 7. h3 Qc7 8. a4 e5
9. Nf3 O-O 10. Qd2 Kh7 11. dxe5 dxe5 12. Rd1 b6 13. Qd6 Ne8 14. Qa3 Be6 15. O-O
Rg8 16. b4 Nd7 17. Nd2 g5 18. Bg4 Bxg4 19. hxg4 Ndf6 20. f3 Qe7 21. Ne2 Bf8 22.
Ng3 Qe6 23. Qc3 Ng7 24. Nc4 Re8 25. Kf2 Rh8 26. Rh1 Kg6 27. Nf5 Ng8 28. Ncd6 Rd8
29. Nxf7 Qxf7 30. Rxd8 Ne6 31. Qxc6 Nf6 32. Rb8 Rh7 33. c3 Nf4 34. Bxf4 Qa2+ 35.
Kg1 gxf4 36. Rxf8 1-0

[Event "TCh-SVK Extraliga 2011-12"]
[Site "Slovakia SVK"]
[Date "2012.02.12"]
[Round "8.8"]
[White "Garban,Mario"]
[Black "Jurcisin,I"]
[Result "1/2-1/2"]
[WhiteElo "1994"]
[BlackElo "2041"]
[WhiteTeam "SK Prievidza"]
[BlackTeam "7 Statocnych Kosice"]
[WhiteFideId "14921740"]
[BlackFideId "14901854"]
[EventDate "2011.10.22"]

1. e4 d5 2. exd5 Nf6 3. Bb5+ Bd7 4. Bxd7+ Qxd7 5. Nc3 Nxd5 6. Nxd5 Qxd5 7. Qf3
c6 8. c3 e5 9. d4 exd4 10. Qxd5 cxd5 11. cxd4 Nc6 12. Ne2 Be7 13. Be3 Bf6 14.
O-O O-O 15. Rac1 Rfe8 16. Rc5 Rad8 17. Rd1 Rd7 18. Nc3 Red8 19. Na4 Re8 20. Nc3
Red8 21. Na4 Kf8 22. Kf1 Be7 23. Rb5 b6 24. Rb3 Bd6 25. Rc1 Ne7 26. Nc3 Rc8 27.
Nb5 Rxc1+ 28. Bxc1 a6 29. Nc3 b5 30. Bd2 Rc7 31. Ne2 Rc4 32. Rc3 Ke8 33. b3 Rxc3
34. Bxc3 Kd7 35. g3 Ke6 36. f3 Nf5 37. Kf2 g6 38. Nc1 Bc7 39. g4 Ne7 40. Nd3 Bb6
41. Nf4+ Kd7 42. Ke3 Bc7 43. Nd3 Bd6 44. Ba5 Nc6 45. Bc3 Ke7 1/2-1/2

[Event "TCh-SVK Extraliga 2011-12"]
[Site "Slovakia SVK"]
[Date "2012.02.12"]
[Round "8.1"]
[White "Petrik,T"]
[Black "Hracek,Z"]
[Result "1/2-1/2"]
[WhiteTitle "GM"]
[BlackTitle "GM"]
[WhiteElo "2522"]
[BlackElo "2624"]
[WhiteTeam "SK Modra"]
[BlackTeam "SK PK Trencin"]
[WhiteFideId "14901625"]
[BlackFideId "300071"]
[EventDate "2011.10.22"]

1. e4 e5 2. Nf3 Nc6 3. Bb5 Nf6 4. d3 Bc5 5. Bxc6 dxc6 6. h3 Qd6 7. Nbd2 Be6 8.
Ng5 O-O 9. O-O Rfe8 10. Qe2 Nd7 11. Nxe6 Qxe6 12. Nc4 Rad8 13. Kh1 Bd6 14. f4
exf4 15. Bxf4 f5 16. b3 fxe4 17. dxe4 Bxf4 18. Rxf4 Nf6 19. Re1 Rd4 20. Nd2 Qd7
21. Rf2 Rd8 22. e5 Rxd2 23. Qxd2 Qxd2 24. Rxd2 Rxd2 25. exf6 gxf6 26. Re7 Rxc2
27. Rxc7 Rxa2 28. Rxb7 a5 29. Ra7 Ra3 30. Rb7 Ra1+ 31. Kh2 Rb1 32. Rb6 Rc1 33.
Rb7 Rc5 34. Rc7 Rc3 35. Rb7 h5 36. Ra7 Rxb3 37. Rxa5 Rb5 38. Ra7 Rc5 39. Kg3 Rc4
40. Kf3 h4 41. Rc7 c5 42. Ke3 Rc2 43. Kf4 c4 44. Kf5 c3 45. Kxf6 Rf2+ 46. Kg5
Rxg2+ 47. Kxh4 c2 48. Kh5 Kf8 49. h4 Ke8 50. Kh6 Kd8 51. Rc3 Kd7 52. h5 Re2 53.
Kg5 Kd6 54. h6 Re5+ 55. Kg6 Rc5 56. Rxc5 Kxc5 57. h7 c1=Q 58. h8=Q Qg1+ 59. Kh7
Qh2+ 60. Kg8 Qxh8+ 61. Kxh8 1/2-1/2

[Event "TCh-SVK Extraliga 2011-12"]
[Site "Slovakia SVK"]
[Date "2012.02.12"]
[Round "8.2"]
[White "Meszaros,Mi"]
[Black "Kuchynka,Luk"]
[Result "1/2-1/2"]
[WhiteTitle "IM"]
[BlackTitle "FM"]
[WhiteElo "2377"]
[BlackElo "2314"]
[WhiteTeam "SK PK Trencin"]
[BlackTeam "SK Modra"]
[WhiteFideId "14905329"]
[BlackFideId "325058"]
[EventDate "2011.10.22"]

1. d4 Nf6 2. c4 e6 3. g3 Bb4+ 4. Bd2 Bxd2+ 5. Qxd2 d5 6. Bg2 c6 7. Qc2 Nbd7 8.
Nf3 O-O 9. O-O b6 10. Ne5 Nxe5 11. dxe5 Ng4 12. cxd5 cxd5 13. Qc3 Ba6 14. Qd4
Nh6 15. Nc3 Nf5 16. Qa4 Bb7 17. Qf4 Ne7 18. Rad1 Qb8 19. Qg5 Ng6 20. f4 a6 21.
e4 dxe4 22. Nxe4 Bxe4 23. Bxe4 Ra7 24. Rd2 Qc8 25. Rfd1 Qc5+ 26. Kg2 Rc7 27. Qg4
Qc4 28. Bxg6 hxg6 29. a3 b5 30. h4 Qe4+ 31. Qf3 Qxf3+ 32. Kxf3 f6 33. exf6 gxf6
34. Rd6 Rc2 35. Rxe6 Rxb2 36. Rxa6 Rb3+ 37. Kg4 Kg7 38. Rd7+ Rf7 39. Rd5 Rc7 40.
f5 Rc4+ 41. Kh3 Rcc3 42. Rd7+ Kh6 43. Rxf6 Rxg3+ 44. Kh2 Rh3+ 45. Kg2 Rbg3+ 46.
Kf2 Rf3+ 47. Kg2 Rhg3+ 48. Kh2 Rh3+ 49. Kg2 Rhg3+ 1/2-1/2

[Event "TCh-SVK Extraliga 2011-12"]
[Site "Slovakia SVK"]
[Date "2012.02.12"]
[Round "8.3"]
[White "Federic,J"]
[Black "Maslik,M"]
[Result "1/2-1/2"]
[WhiteElo "2270"]
[BlackElo "2356"]
[WhiteTeam "SK Modra"]
[BlackTeam "SK PK Trencin"]
[WhiteFideId "14910659"]
[BlackFideId "14902192"]
[EventDate "2011.10.22"]

1. d4 Nf6 2. c4 e6 3. g3 d5 4. Nf3 Bb4+ 5. Bd2 Be7 6. Bg2 O-O 7. O-O c6 8. Qc2
b6 9. Bf4 Nbd7 10. Nc3 dxc4 11. Nd2 Nd5 1/2-1/2

[Event "TCh-SVK Extraliga 2011-12"]
[Site "Slovakia SVK"]
[Date "2012.02.12"]
[Round "8.4"]
[White "Tibensky,R"]
[Black "Kleman,M"]
[Result "1-0"]
[WhiteTitle "IM"]
[WhiteElo "2410"]
[BlackElo "2230"]
[WhiteTeam "SK PK Trencin"]
[BlackTeam "SK Modra"]
[WhiteFideId "14900106"]
[BlackFideId "14904179"]
[EventDate "2011.10.22"]

1. d4 c5 2. d5 e5 3. e4 d6 4. Nc3 Be7 5. Bb5+ Nd7 6. a4 a6 7. Be2 Bg5 8. Nf3
Bxc1 9. Qxc1 h5 10. O-O Ngf6 11. Qg5 Kf8 12. Nd2 Qe7 13. Qe3 h4 14. Nc4 Nh5 15.
Bxh5 Rxh5 16. a5 g6 17. Na4 Kg7 18. Rab1 Nf6 19. Nab6 Rb8 20. f4 exf4 21. Rxf4
g5 22. Rxf6 Qxf6 23. Rf1 Qg6 24. e5 h3 25. Nxd6 Qxc2 26. Qf3 Qxg2+ 27. Qxg2 hxg2
28. Rxf7+ Kg8 29. e6 Bxe6 30. dxe6 Rh6 31. Nd7 1-0

[Event "TCh-SVK Extraliga 2011-12"]
[Site "Slovakia SVK"]
[Date "2012.02.12"]
[Round "8.5"]
[White "Machata,M"]
[Black "Pinter,E"]
[Result "1/2-1/2"]
[BlackTitle "IM"]
[WhiteElo "2227"]
[BlackElo "2383"]
[WhiteTeam "SK Modra"]
[BlackTeam "SK PK Trencin"]
[WhiteFideId "14901293"]
[BlackFideId "14902826"]
[EventDate "2011.10.22"]

1. e4 c5 2. Nf3 d6 3. Bc4 Nc6 4. O-O a6 5. c3 e6 6. d4 cxd4 7. cxd4 d5 8. exd5
exd5 9. Bb3 Be7 10. Nc3 Nf6 11. Bg5 Be6 12. Ne5 O-O 13. Nxc6 bxc6 14. Rc1 Ra7
15. Na4 Qd6 16. Bh4 a5 17. Re1 Rc8 18. Nc5 Bf5 19. Ba4 h6 20. Bg3 Qd8 21. Re5
Bg6 22. Re3 Nh5 23. Nd3 Nxg3 24. hxg3 Rac7 25. Ne5 c5 26. Nxg6 fxg6 27. dxc5
Rxc5 28. Rxc5 Rxc5 29. Qe2 Bf8 30. Re8 Qf6 31. Bc2 Kh7 32. Bd3 Rc6 33. Qg4 Bc5 1/2-1/2

[Event "TCh-SVK Extraliga 2011-12"]
[Site "Slovakia SVK"]
[Date "2012.02.12"]
[Round "8.6"]
[White "Kubala,J"]
[Black "Skara,V"]
[Result "0-1"]
[WhiteElo "2240"]
[BlackElo "2219"]
[WhiteTeam "SK PK Trencin"]
[BlackTeam "SK Modra"]
[WhiteFideId "14905973"]
[BlackFideId "14909146"]
[EventDate "2011.10.22"]

1. e4 e6 2. d4 d5 3. e5 c5 4. c3 Qb6 5. Nf3 Nc6 6. a3 a5 7. b3 Bd7 8. Be2 Nh6 9.
O-O cxd4 10. cxd4 Nf5 11. Bb2 h5 12. Kh1 Be7 13. Nc3 g5 14. Na4 Qa7 15. Ne1
Ncxd4 16. Bxh5 Nxb3 17. Qxb3 Rxh5 18. Nb6 a4 19. Qd1 Qxb6 20. Qxh5 Qxb2 21. Nf3
O-O-O 22. Rac1+ Kb8 23. Nxg5 Qxe5 24. f4 Qg7 25. Qxf7 Bxa3 26. Rb1 Rf8 27. Qxg7
Nxg7 28. Rf3 Bd6 29. g3 b5 30. Rd3 Kb7 31. Ne4 Be7 32. Nc3 Ka6 33. h4 b4 34. Na2
Rb8 35. g4 Bd6 36. f5 exf5 0-1

[Event "TCh-SVK Extraliga 2011-12"]
[Site "Slovakia SVK"]
[Date "2012.02.12"]
[Round "8.7"]
[White "Banas,K"]
[Black "Seitler,A"]
[Result "1/2-1/2"]
[WhiteElo "2222"]
[BlackElo "2247"]
[WhiteTeam "SK Modra"]
[BlackTeam "SK PK Trencin"]
[WhiteFideId "14902141"]
[BlackFideId "14907909"]
[EventDate "2011.10.22"]

1. e4 c6 2. d4 d5 3. exd5 cxd5 4. c4 Nf6 5. Nc3 g6 6. Qb3 Bg7 7. cxd5 O-O 8. Be2
Nbd7 9. a4 Qb6 10. Qc4 Ne8 11. Nf3 Nd6 12. Qd3 Nf6 13. a5 Qd8 14. O-O Bf5 15.
Qd1 Nde4 16. Qb3 Nxc3 17. bxc3 Nxd5 18. c4 Nf6 19. Qxb7 Be4 20. Qa6 Ne8 21. Bf4
Nc7 22. Bxc7 Qxc7 23. Rac1 Rfd8 24. Rfd1 Rab8 25. c5 Bxf3 26. Bxf3 Rxd4 27. c6
Rxd1+ 28. Rxd1 Bc3 29. g3 Qxa5 30. Qc4 Be5 31. Kg2 Rd8 32. Rxd8+ 1/2-1/2

[Event "TCh-SVK Extraliga 2011-12"]
[Site "Slovakia SVK"]
[Date "2012.02.12"]
[Round "8.8"]
[White "Srvatka,I"]
[Black "Matejovic,J"]
[Result "1-0"]
[WhiteElo "2226"]
[BlackElo "2243"]
[WhiteTeam "SK PK Trencin"]
[BlackTeam "SK Modra"]
[WhiteFideId "14905175"]
[BlackFideId "14906040"]
[EventDate "2011.10.22"]

1. d4 e6 2. e4 d5 3. Nd2 c5 4. exd5 Qxd5 5. Ngf3 cxd4 6. Bc4 Qd6 7. O-O Nf6 8.
Nb3 Nc6 9. Nbxd4 Nxd4 10. Qxd4 Qxd4 11. Nxd4 a6 12. Re1 Bc5 13. Nb3 Bd6 14. Bf1
Bd7 15. Rd1 Ke7 16. Bg5 Be5 17. c3 h6 18. Be3 Rhc8 19. Bd4 Bd6 20. Bxf6+ gxf6
21. g3 b5 22. Bg2 Rab8 23. a3 Be8 24. Rd4 Rc4 25. Rad1 Be5 26. R4d3 Bc7 27. Nd2
Ra4 28. Ne4 Rc4 29. Nd6 Bxd6 30. Rxd6 a5 31. Ra6 b4 32. Ra7+ Kf8 33. Bf1 Rcc8
34. axb4 axb4 35. c4 b3 36. f4 Rc5 37. Kf2 e5 38. Ke3 exf4+ 39. Kxf4 Re5 40. Bd3
Kg7 41. Be4 Rb6 42. Rd4 Rb4 43. Bd5 Re2 44. Re4 Rd2 45. Ke3 Rd1 46. Ree7 Rc1 47.
Kd3 Rb8 48. Rab7 Rd8 49. Rxb3 Bc6 50. Kd2 Rh1 51. Rd3 Rxh2+ 52. Kc3 Bxd5 53.
Rxd5 Ra8 54. Rdd7 Kg6 55. Rxf7 Rg2 56. Rg7+ Kf5 57. c5 Ra1 58. b4 Ra3+ 59. Kc4
Rc2+ 60. Kb5 Rac3 61. Rd4 Ke6 62. Rh4 Ra2 63. Rc4 Rb3 64. c6 Ra8 65. c7 Rc8 66.
Kb6 Kd5 67. Rgg4 1-0